00274nam a2200097Ia 4500008004100000082001200041100001600053245008500069260000900154300001300163190415s9999 xx 000 0 und d aRK.0130 aKoshy, T.A. 0aStudy of the functional literacy programme of ICDS Scheme, Manigachi, Bihar : Re c1982 aiv, 88p.